Top 13 najpopularniejszych imion dla dziwczynek - Statystyki

Ogólne statystyki
  • Ten quiz został rozwiązany 51 razy
  • Średni wynik to 7 z 13
Statystyki odpowiedzi
Ilość dziewczynek urodzone w roku 2024 Imię dziewczynki % Poprawnych
1667 Julia
74%
2252 Zofia
70%
1974 Zuzanna
70%
2309 Maja
64%
1340 Maria
60%
1966 Hanna
57%
1623 Oliwia
53%
1898 Laura
49%
1585 Alicja
45%
1592 Pola
40%
1311 Antonina
36%
1184 Emilia
34%
1185 Michalina
19%
Nie znaleziono quizów pasujących do podanych kryteriów
Rozkład punktacji
Procent ludzi z każdym wynikiem
Percentyl według liczby udzielonych odpowiedzi
Twoja historia wyników
Nie rozwiązałeś tego quizu